[Event "Titled Tue 26th Aug Late"]
[Site "chess.com INT"]
[Date "2025.08.26"]
[Round "5"]
[White "Csonka, Balazs"]
[Black "Henriquez Villagra, Cristobal"]
[Result "1-0"]
[WhiteTitle "IM"]
[BlackTitle "GM"]
[WhiteElo "2467"]
[BlackElo "2592"]
[WhiteFideId "742910"]
[BlackFideId "3409350"]
[EventDate "2025.08.26"]

1. d4 d5 2. c4 e6 3. Nf3 c6 4. g3 dxc4 5. Bg2 b5 6. Ne5 Bb7 7. O-O Nd7 8. Nc3 a6
9. a4 Ngf6 10. Nxc6 Qc8 11. axb5 axb5 12. Rxa8 Bxa8 13. Nxb5 Nd5 14. Ne5 Be7 15.
e4 N5f6 16. Nc3 Nxe5 17. dxe5 Nd7 18. Qg4 g6 19. Bf4 h5 20. Qe2 g5 21. Be3 Nxe5
22. Bd4 Bf6 23. Nd5 Bg7 24. Nb6 Qb8 25. Nxa8 Qxa8 26. Bxe5 Bxe5 27. Qxc4 Kf8 28.
Qc5+ 1-0

[Event "Titled Tue 26th Aug Late"]
[Site "chess.com INT"]
[Date "2025.08.26"]
[Round "5"]
[White "Janaszak, Dawid"]
[Black "Azamikia, Mehran"]
[Result "1-0"]
[WhiteTitle "FM"]
[BlackTitle "CM"]
[WhiteElo "2306"]
[BlackElo "2130"]
[WhiteFideId "1119206"]
[BlackFideId "12502502"]
[EventDate "2025.08.26"]

1. e4 c5 2. Nc3 e5 3. f4 d6 4. Nf3 Nc6 5. fxe5 dxe5 6. Bb5 f6 7. O-O Ne7 8. a3
a6 9. Bc4 b5 10. Ba2 Nd4 11. Nh4 c4 12. d3 Be6 13. dxc4 Bxc4 14. Bxc4 bxc4 15.
Be3 Qd7 16. Kh1 Ng6 17. Qh5 Qf7 18. Nf5 Nxc2 19. Rad1 Nxe3 20. Nxe3 Nf4 21. Qf3
Bc5 22. g3 Bxe3 23. Qxe3 Nd3 24. Nd5 O-O 25. b3 Rfc8 26. bxc4 Nb2 27. Rc1 Nxc4
28. Qb3 Nd6 29. Ne7+ Kf8 30. Qxf7+ Kxf7 31. Nxc8 Rxc8 32. Rxc8 Nxc8 33. Rc1 Nd6
34. Rc6 Nxe4 35. Rxa6 g5 36. a4 f5 37. a5 f4 38. Kg2 g4 39. Ra7+ Ke6 40. a6 f3+
41. Kg1 Nd2 42. Ra8 e4 43. a7 Ke5 44. Re8+ Kd4 45. a8=Q e3 46. Qa7+ 1-0

[Event "Titled Tue 26th Aug Late"]
[Site "chess.com INT"]
[Date "2025.08.26"]
[Round "5"]
[White "Shapiro, Daniel"]
[Black "Ellison, Jeremy"]
[Result "1-0"]
[WhiteTitle "FM"]
[BlackTitle "CM"]
[WhiteElo "2284"]
[BlackElo "1819"]
[WhiteFideId "2001780"]
[BlackFideId "241000030"]
[EventDate "2025.08.26"]

1. d4 Nf6 2. c4 c5 3. d5 b5 4. cxb5 a6 5. e3 axb5 6. Bxb5 Ba6 7. Be2 d6 8. Nc3
g6 9. Nf3 Bg7 10. O-O O-O 11. a4 Bxe2 12. Qxe2 Nbd7 13. h3 Qb6 14. e4 Rfb8 15.
Rb1 Ne8 16. Bd2 Nc7 17. b3 Na6 18. Nb5 Ne5 19. Nxe5 Bxe5 20. f4 Bf6 21. e5 dxe5
22. fxe5 Bg7 23. Kh1 Rd8 24. Qf3 f5 25. Bc3 Nc7 26. Nxc7 Qxc7 27. Rfe1 Qb7 28.
Red1 Qc7 29. Qe2 Rab8 30. Qc4 Bxe5 31. d6+ Kf8 32. dxc7 Bxc7 33. Qh4 Kg8 34.
Qxe7 1-0

[Event "Titled Tue 26th Aug Late"]
[Site "chess.com INT"]
[Date "2025.08.26"]
[Round "5"]
[White "Popov, Konstantin"]
[Black "Carlsen, Magnus"]
[Result "0-1"]
[WhiteTitle "IM"]
[BlackTitle "GM"]
[WhiteElo "2397"]
[BlackElo "2839"]
[WhiteFideId "34137910"]
[BlackFideId "1503014"]
[EventDate "2025.08.26"]

1. e4 c5 2. Nf3 d6 3. d4 cxd4 4. Nxd4 Nf6 5. Nc3 a6 6. h3 e5 7. Nde2 h5 8. Bg5
Be7 9. Ng3 g6 10. Bc4 Be6 11. Bxf6 Bxf6 12. Nd5 Bg5 13. c3 Nd7 14. O-O Rc8 15.
Bb3 Nc5 16. Bc2 h4 17. Ne2 O-O 18. b4 Bxd5 19. Qxd5 Ne6 20. Bb3 Nf4 21. Nxf4
Bxf4 22. Qxb7 Rxc3 23. Qxa6 Qg5 24. Kh1 Kg7 25. Rad1 Qh5 26. Rd3 Qe2 27. Rfd1
Rxd3 28. Qxd3 Qxf2 29. Rf1 Qg3 30. Qxg3 hxg3 31. a4 f5 32. Bd5 Bd2 33. b5 Ba5
34. Rc1 Bb6 35. Rd1 fxe4 36. Bxe4 Rf4 37. Bc2 d5 38. Bd3 Rxa4 39. Be2 Ra2 0-1

[Event "Titled Tue 26th Aug Late"]
[Site "chess.com INT"]
[Date "2025.08.26"]
[Round "5"]
[White "Garcia Correa, Jose Ricardo"]
[Black "Khanbutaev, Artemii"]
[Result "1-0"]
[WhiteTitle "FM"]
[WhiteElo "2103"]
[BlackElo "2145"]
[WhiteFideId "5101832"]
[BlackFideId "55747175"]
[EventDate "2025.08.26"]

1. e4 e5 2. Nf3 Nc6 3. Bb5 a6 4. Ba4 Nf6 5. O-O Be7 6. Re1 b5 7. Bb3 d6 8. c3
Na5 9. Bc2 c5 10. d4 Qc7 11. Nbd2 O-O 12. Nf1 cxd4 13. cxd4 Bg4 14. Bd3 Nc6 15.
d5 Nd4 16. N1d2 Nd7 17. h3 Bh5 18. g4 Bg6 19. Nxd4 exd4 20. f4 Nc5 21. Nf3 h6
22. Nxd4 Bh4 23. Re2 Bf6 24. Nc6 Rfe8 25. f5 Bh7 26. Rb1 Rac8 27. b4 Na4 28. Bd2
Qb6+ 29. Kg2 Rxc6 30. dxc6 Qxc6 31. Rc1 Qb7 32. Qe1 g6 33. Kf1 gxf5 34. gxf5
Bxf5 35. Rg2+ Kh7 36. Qf2 Bxe4 37. Bxe4+ Qxe4 38. Qxf6 Qd3+ 39. Kg1 Qd4+ 40.
Qxd4 1-0

[Event "Titled Tue 26th Aug Late"]
[Site "chess.com INT"]
[Date "2025.08.26"]
[Round "5"]
[White "Becking, Stephan"]
[Black "Arnold, Rhys"]
[Result "0-1"]
[WhiteTitle "IM"]
[BlackTitle "FM"]
[WhiteElo "2410"]
[BlackElo "2269"]
[WhiteFideId "4632478"]
[BlackFideId "1068849"]
[EventDate "2025.08.26"]

1. d4 Nf6 2. Nf3 e6 3. Bg5 d5 4. c3 Be7 5. e3 O-O 6. Nbd2 h6 7. Bh4 c5 8. Bd3
Nc6 9. O-O b6 10. Re1 Bb7 11. a3 a5 12. Qe2 Re8 13. Rad1 Rb8 14. Bb5 Qc7 15.
Bxc6 Bxc6 16. Ne5 Nd7 17. Bxe7 Rxe7 18. Nxd7 Qxd7 19. Nf3 f6 20. b4 cxb4 21.
cxb4 axb4 22. axb4 Bb5 23. Qb2 Ra8 24. Ra1 Ree8 25. h3 Qb7 26. Qc2 Rec8 27. Rxa8
Qxa8 28. Qg6 Qa3 29. Qg4 Bd7 30. Rb1 Qa2 31. Rf1 Qb2 32. Nh4 Qxb4 33. Ng6 Qd6
34. Nh4 Rc2 35. Qg6 Qc7 36. Ra1 Rc1+ 37. Rxc1 Qxc1+ 38. Kh2 Qc7+ 39. f4 b5 40.
Qd3 b4 0-1

[Event "Titled Tue 26th Aug Late"]
[Site "chess.com INT"]
[Date "2025.08.26"]
[Round "5"]
[White "Erigaisi, Arjun"]
[Black "Steinberg, Nitzan"]
[Result "1-0"]
[WhiteTitle "GM"]
[BlackTitle "GM"]
[WhiteElo "2776"]
[BlackElo "2554"]
[WhiteFideId "35009192"]
[BlackFideId "2801795"]
[EventDate "2025.08.26"]

1. d4 Nf6 2. Bg5 d5 3. e3 Ne4 4. Bf4 e6 5. Nd2 Nf6 6. Ngf3 Bd6 7. Ne5 Nfd7 8.
Bd3 Nxe5 9. dxe5 Be7 10. h4 c5 11. Qg4 g6 12. h5 g5 13. Bg3 c4 14. Be2 h6 15.
O-O Nc6 16. b3 c3 17. Nf3 Qc7 18. Nd4 a6 19. f4 Bd7 20. f5 O-O-O 21. fxe6 fxe6
22. Rf7 Rde8 23. Nxc6 Qxc6 24. Qd4 Kb8 25. Raf1 Bd8 26. Kh2 Bb6 27. Qd3 Rd8 28.
Be1 Qc5 29. Qxc3 Qxc3 30. Bxc3 Bxe3 31. R1f6 Be8 32. Re7 Rc8 33. Rfxe6 Bxh5 34.
Bxh5 Rxc3 35. Bf3 Bf4+ 36. Kg1 Bg3 37. Rb6 Rxc2 38. Rbxb7+ Ka8 39. Ra7+ Kb8 40.
Reb7+ Kc8 41. Bg4+ 1-0

[Event "Titled Tue 26th Aug Late"]
[Site "chess.com INT"]
[Date "2025.08.26"]
[Round "5"]
[White "Atakhan, Abtin"]
[Black "Msellek, Ilyass"]
[Result "0-1"]
[WhiteTitle "IM"]
[BlackTitle "IM"]
[WhiteElo "2388"]
[BlackElo "2406"]
[WhiteFideId "22502203"]
[BlackFideId "675938"]
[EventDate "2025.08.26"]

1. d4 d6 2. c4 g6 3. Nc3 Bg7 4. Nf3 Nf6 5. e4 O-O 6. Be2 e5 7. O-O Bg4 8. d5 a5
9. Be3 Na6 10. h3 Bd7 11. Ne1 b6 12. b3 Nc5 13. Bf3 Ne8 14. Bxc5 bxc5 15. Be2 h5
16. a3 Rb8 17. Nd3 f5 18. Rb1 f4 19. b4 axb4 20. axb4 cxb4 21. Nxb4 Qh4 22. Nc6
Ra8 23. Rb3 g5 24. Nb5 g4 25. g3 Qxh3 26. gxf4 Qh4 27. f5 Bh6 28. Kg2 Bf4 29.
Rh1 Qg5 30. Kf1 Ra2 31. Nc3 Rd2 32. Qe1 Bxc6 33. dxc6 Nf6 34. Rg1 Qh4 35. Bd1
Ra8 36. Nd5 Nxd5 37. cxd5 Ra1 38. Rb8+ Kf7 39. Rb7 Raxd1 40. Rxc7+ Kf6 41. Rd7 0-1

[Event "Titled Tue 26th Aug Late"]
[Site "chess.com INT"]
[Date "2025.08.26"]
[Round "5"]
[White "Manukian, Artak"]
[Black "Pribelszky, Bence"]
[Result "0-1"]
[BlackTitle "IM"]
[WhiteElo "2104"]
[BlackElo "2428"]
[WhiteFideId "13301373"]
[BlackFideId "769738"]
[EventDate "2025.08.26"]

1. e4 c5 2. Nf3 d6 3. Bb5+ Bd7 4. Bxd7+ Qxd7 5. c4 Nf6 6. Nc3 e5 7. d3 h6 8. Bd2
Nc6 9. Rb1 Be7 10. a3 O-O 11. b4 b6 12. Nd5 Nxd5 13. exd5 Nd4 14. Nxd4 cxd4 15.
O-O f5 16. a4 g5 17. a5 Bf6 18. Qh5 Kg7 19. Ra1 e4 20. axb6 axb6 21. h4 Rxa1 22.
Rxa1 e3 23. Be1 g4 24. b5 Be5 25. f3 g3 26. Ra6 Bf4 27. Kf1 e2+ 28. Kg1 Qe7 29.
Kh1 Rf7 30. Ra1 Qe3 31. Ra7 Rxa7 32. Qxf5 Qe5 33. Qg4+ Kh7 34. Qc8 Re7 35. Qf8
Bd2 36. f4 Bxf4 37. c5 Bd2 38. cxd6 Qxd6 39. Qf5+ Kg7 40. Qg4+ Qg6 41. Qxd4+ Kh7
42. d6 Bxe1 43. dxe7 Bf2 44. h5 e1=Q# 0-1

[Event "Titled Tue 26th Aug Late"]
[Site "chess.com INT"]
[Date "2025.08.26"]
[Round "5"]
[White "Yagiz, Yasin Emrah"]
[Black "Garcia Hernandez, Rebeca"]
[Result "1-0"]
[WhiteTitle "FM"]
[BlackTitle "WCM"]
[WhiteElo "2107"]
[BlackElo "1943"]
[WhiteFideId "6303684"]
[BlackFideId "5180872"]
[EventDate "2025.08.26"]

1. Nf3 Nf6 2. c4 c5 3. g3 d6 4. Bg2 g6 5. O-O Bg7 6. d4 cxd4 7. Nxd4 O-O 8. Nc3
Qa5 9. Nd5 Nxd5 10. cxd5 Bd7 11. Bd2 Qb6 12. Bc3 Na6 13. a4 Nc5 14. a5 Qc7 15.
Qd2 e5 16. dxe6 Nxe6 17. Rfc1 Nxd4 18. Bxd4 Bc6 19. Bxg7 Kxg7 20. b4 Qd7 21. Rd1
Rad8 22. Ra3 Bxg2 23. Kxg2 Qc6+ 24. Qd5 Rfe8 25. e3 Re5 26. Qf3 d5 27. Rad3 Qc4
28. Rd4 Qc6 29. h4 h5 30. Qe2 Rde8 31. Qb2 b6 32. b5 Qc5 33. Rxd5 1-0

[Event "Titled Tue 26th Aug Late"]
[Site "chess.com INT"]
[Date "2025.08.26"]
[Round "5"]
[White "Caruana, Fabiano"]
[Black "Tarhan, Adar"]
[Result "1-0"]
[WhiteTitle "GM"]
[BlackTitle "IM"]
[WhiteElo "2784"]
[BlackElo "2474"]
[WhiteFideId "2020009"]
[BlackFideId "34544712"]
[EventDate "2025.08.26"]

1. e4 e5 2. Nf3 Nc6 3. Nc3 Nf6 4. h3 a6 5. d4 exd4 6. Nxd4 Bb4 7. Nxc6 bxc6 8.
Bd3 d5 9. e5 d4 10. a3 dxc3 11. axb4 cxb2 12. Bxb2 Nd5 13. O-O O-O 14. Be4 Rb8
15. c4 Nxb4 16. Qh5 g6 17. Qh6 Be6 18. Rad1 Qe7 19. Bc1 Bxc4 20. Rfe1 Qxe5 21.
Bf4 Qg7 22. Qh4 Rfe8 23. Bg5 Bd5 24. Bf6 Qf8 25. Bb1 a5 26. Bc3 Rxe1+ 27. Rxe1
f6 28. Bxf6 a4 29. Re7 a3 30. Bc3 Bf7 31. Qf6 Nd5 32. Qh8# 1-0

[Event "Titled Tue 26th Aug Late"]
[Site "chess.com INT"]
[Date "2025.08.26"]
[Round "5"]
[White "Lisenkov, Svyatoslav"]
[Black "Erdogan, Anil Berk"]
[Result "1-0"]
[WhiteTitle "FM"]
[BlackTitle "CM"]
[WhiteElo "2343"]
[BlackElo "2091"]
[WhiteFideId "34264183"]
[BlackFideId "6348173"]
[EventDate "2025.08.26"]

1. e4 c5 2. Nf3 g6 3. a4 Bg7 4. Na3 Nc6 5. Nc4 d5 6. exd5 Qxd5 7. Be2 Nf6 8. O-O
O-O 9. d3 b6 10. Re1 Bb7 11. Bf1 Rfe8 12. Bf4 Nh5 13. Bd2 Nd4 14. Nxd4 Bxd4 15.
c3 Bg7 16. Qg4 Rad8 17. a5 f5 18. Qe2 b5 19. Ne3 Qc6 20. Nxf5 gxf5 21. Qxh5 Rxd3
22. Re6 Rd6 23. Rxd6 exd6 24. Qxf5 Rf8 25. Qe6+ Kh8 26. Bh6 Qd5 27. Bxg7+ Kxg7
28. Qxd5 Bxd5 29. Bxb5 Rb8 30. c4 Bb7 31. Re1 Kf6 32. a6 Ba8 33. f4 d5 34. b3
dxc4 35. bxc4 Rd8 36. g3 Rd2 37. Re8 Bf3 38. Re5 Rg2+ 39. Kf1 Rxh2 40. Rxc5 Rc2
41. Re5 h5 42. Rg5 Bg4 43. c5 Bf5 44. Rxf5+ Kxf5 45. Bd3+ Ke6 46. Bxc2 Kd5 47.
Bd1 Kxc5 48. Bxh5 Kb6 49. Be2 Kc7 50. g4 Kd6 51. g5 Ke7 52. f5 Kf7 53. g6+ Kg7
54. Kf2 Kf6 55. Kg3 Kg7 56. Kf4 Kf6 57. Bd3 Kg7 58. Kg5 Kh8 59. f6 Kg8 60. Bc4+
Kh8 61. g7+ Kh7 62. g8=Q# 1-0

[Event "Titled Tue 26th Aug Late"]
[Site "chess.com INT"]
[Date "2025.08.26"]
[Round "5"]
[White "Yurovskykh, Oleksandr"]
[Black "Pniaczek, Marek"]
[Result "1-0"]
[WhiteTitle "FM"]
[BlackTitle "FM"]
[WhiteElo "2379"]
[BlackElo "2188"]
[WhiteFideId "14134020"]
[BlackFideId "21800421"]
[EventDate "2025.08.26"]

1. d4 Nf6 2. Nf3 d5 3. c3 c5 4. dxc5 e6 5. Be3 Nc6 6. b4 Ng4 7. Bd2 a5 8. e3 Be7
9. Nd4 Nge5 10. Be2 O-O 11. O-O Bd7 12. Qb3 b6 13. b5 bxc5 14. Nxc6 Nxc6 15.
bxc6 Bxc6 16. Qc2 Rb8 17. Bc1 d4 18. cxd4 Qb6 19. Ba3 Qb7 20. f3 Rfc8 21. Bxc5
Bb5 22. Bxb5 Qxb5 23. Nc3 Qc4 24. Rfc1 Bf6 25. Ne2 Qa6 26. Qd2 h5 27. Ba3 Rd8
28. Rc2 e5 29. Rac1 exd4 30. Nxd4 Bg5 31. Qe2 1-0

[Event "Titled Tue 26th Aug Late"]
[Site "chess.com INT"]
[Date "2025.08.26"]
[Round "5"]
[White "Maghsoodloo, Parham"]
[Black "Korchynskyi, Mykola"]
[Result "1-0"]
[WhiteTitle "GM"]
[BlackTitle "FM"]
[WhiteElo "2695"]
[BlackElo "2359"]
[WhiteFideId "12539929"]
[BlackFideId "34138005"]
[EventDate "2025.08.26"]

1. c4 e6 2. Nc3 d5 3. d4 Nf6 4. cxd5 exd5 5. Bg5 Be7 6. e3 h6 7. Bh4 O-O 8. Bd3
b6 9. Nge2 Bb7 10. O-O c5 11. dxc5 bxc5 12. Rc1 Nbd7 13. Bf5 Nb6 14. Na4 Nxa4
15. Qxa4 Ne4 16. Bxe7 Qxe7 17. Bxe4 dxe4 18. Rc2 Rfd8 19. Rfc1 Rd5 20. Nf4 Rf5
21. Qa3 Rd8 22. h3 g5 23. Ne2 Qf6 24. Ng3 Rfd5 25. Qxa7 Rd2 26. Rxd2 Rxd2 27.
Rf1 Rxb2 28. Qxc5 Rxa2 29. Qc4 Qa6 30. Qd4 Qe6 31. Nh5 f6 32. Nxf6+ Kf7 33. Nh5
Kg6 34. g4 Qf7 35. Qd6+ Kh7 36. Nf6+ Kg7 37. Nxe4 Bxe4 38. Qe5+ Qf6 39. Qxe4 Ra7
40. Rb1 Re7 41. Rb7 Rxb7 42. Qxb7+ Kg6 43. Qd7 Qf3 44. Qf5+ Qxf5 45. gxf5+ Kxf5
46. f3 h5 47. Kf2 Ke5 48. Kg3 Kf5 49. h4 1-0

[Event "Titled Tue 26th Aug Late"]
[Site "chess.com INT"]
[Date "2025.08.26"]
[Round "5"]
[White "Atanasov, Anthony"]
[Black "Sindarov, Javokhir"]
[Result "0-1"]
[WhiteTitle "IM"]
[BlackTitle "GM"]
[WhiteElo "2411"]
[BlackElo "2722"]
[WhiteFideId "2623897"]
[BlackFideId "14205483"]
[EventDate "2025.08.26"]

1. d4 Nf6 2. Bf4 g6 3. c3 Bg7 4. e3 O-O 5. Nf3 d6 6. h3 Nbd7 7. Bh2 b6 8. Be2
Bb7 9. O-O Re8 10. a4 a6 11. Na3 e5 12. Nc4 Ne4 13. Nfd2 Nxd2 14. Qxd2 Qg5 15.
Bg3 Nf6 16. h4 Qh6 17. f3 Nd5 18. dxe5 dxe5 19. e4 Nf4 20. Rfd1 Bf6 21. Qe1 Rad8
22. Bf1 Bc8 23. Ne3 Be7 24. Bf2 a5 25. Bb5 Rf8 26. Rxd8 Rxd8 27. Rd1 Rxd1 28.
Nxd1 g5 29. hxg5 Qxg5 30. Ne3 Bc5 31. g3 Nh3+ 32. Kg2 Nxf2 33. Kxf2 h5 34. b4
axb4 35. cxb4 Bd4 36. a5 bxa5 37. bxa5 h4 38. g4 Qf4 39. a6 h3 40. Qe2 Qh2+ 41.
Kf1 Qh1+ 42. Kf2 h2 0-1

[Event "Titled Tue 26th Aug Late"]
[Site "chess.com INT"]
[Date "2025.08.26"]
[Round "5"]
[White "Ibarra Jerez, Jose Carlos"]
[Black "Gkavardinas, Antonios"]
[Result "1-0"]
[WhiteTitle "GM"]
[BlackTitle "FM"]
[WhiteElo "2545"]
[BlackElo "2297"]
[WhiteFideId "2226332"]
[BlackFideId "25883097"]
[EventDate "2025.08.26"]

1. e4 c6 2. Nf3 d5 3. d3 Bg4 4. h3 Bxf3 5. Qxf3 e6 6. g3 Nd7 7. Bg2 Bd6 8. O-O
Ne7 9. exd5 cxd5 10. c4 O-O 11. Nc3 Ne5 12. Qe2 dxc4 13. dxc4 Qc7 14. b3 a6 15.
Ne4 N5c6 16. Nxd6 Qxd6 17. Bb2 Nf5 18. Rfd1 Qc5 19. Rd3 Rad8 20. Rad1 Rxd3 21.
Rxd3 Nb4 22. Rd7 Nxg3 23. Qe3 Qxe3 24. fxe3 Nf5 25. Bxb7 Nxe3 26. a3 Nbc2 27.
Bxa6 h5 28. c5 Nd5 29. Rxd5 exd5 30. c6 d4 31. c7 d3 32. Kf2 d2 33. Ke2 Ne3 34.
Kxd2 Nd5 35. c8=Q Rxc8 36. Bxc8 g5 37. a4 g4 38. hxg4 h4 39. g5 1-0

[Event "Titled Tue 26th Aug Late"]
[Site "chess.com INT"]
[Date "2025.08.26"]
[Round "5"]
[White "Esquivel Golcher, Luis Enrique"]
[Black "Dubnevych, Maksym"]
[Result "1-0"]
[WhiteTitle "FM"]
[BlackTitle "FM"]
[WhiteElo "2044"]
[BlackElo "2296"]
[WhiteFideId "6600174"]
[BlackFideId "14184001"]
[EventDate "2025.08.26"]

1. b3 e5 2. Bb2 Nc6 3. e3 d5 4. Bb5 Ne7 5. Bxe5 a6 6. Bxc6+ Nxc6 7. Bb2 Qg5 8.
Kf1 Bg4 9. f3 Bf5 10. Ne2 O-O-O 11. Nbc3 Bc5 12. h4 Qe7 13. d4 Bb4 14. Kf2 Rhe8
15. Bc1 Bxc3 16. Nxc3 Nb4 17. g4 Bxc2 18. Qd2 h5 19. Ba3 Bg6 20. Nxd5 Nd3+ 21.
Qxd3 Qxa3 22. Qc4 c6 23. Nb6+ Kc7 24. Na4 Qe7 25. Qc3 hxg4 26. Qa5+ Kb8 27. Rae1
gxf3 28. Qb6 Qe4 29. Nc5 Qc2+ 30. Kg3 Qg2+ 31. Kf4 Rd7 32. Nxd7+ Kc8 33. Nc5 Re7
34. Qa7 Re4+ 35. Nxe4 f2 36. Nc5 fxe1=Q 37. Qxb7+ Kd8 38. Qd7# 1-0

[Event "Titled Tue 26th Aug Late"]
[Site "chess.com INT"]
[Date "2025.08.26"]
[Round "5"]
[White "Przybylski, Wojciech"]
[Black "Kaufman, David"]
[Result "0-1"]
[WhiteTitle "FM"]
[BlackTitle "IM"]
[WhiteElo "2340"]
[BlackElo "2447"]
[WhiteFideId "1117599"]
[BlackFideId "34220194"]
[EventDate "2025.08.26"]

1. d4 Nf6 2. Nf3 d5 3. g3 e6 4. Bg2 Be7 5. O-O O-O 6. Nbd2 c6 7. Re1 Nbd7 8. e4
Nxe4 9. Nxe4 dxe4 10. Rxe4 Nf6 11. Re1 c5 12. Be3 Nd5 13. Bd2 b5 14. Ne5 Bb7 15.
dxc5 Bxc5 16. a4 b4 17. Nd3 Be7 18. a5 Rb8 19. a6 Ba8 20. Qe2 Rc8 21. Rec1 Qb6
22. Ne5 Rfd8 23. Be1 Bf6 24. Rab1 Rd6 25. Rd1 Qxa6 26. Rd3 Rdd8 27. Rbd1 h6 28.
Bf1 Qd6 29. Ng4 Bxb2 30. Ne3 Qc5 31. Bg2 Bf6 32. Ng4 Be7 33. Ne5 Qxc2 34. Qg4
Bf6 35. Nf3 b3 36. R3d2 Qc4 37. Rd3 Qxg4 0-1

[Event "Titled Tue 26th Aug Late"]
[Site "chess.com INT"]
[Date "2025.08.26"]
[Round "5"]
[White "Mafra, Kaiser Luiz"]
[Black "Nassr, Ahmed"]
[Result "1-0"]
[WhiteTitle "CM"]
[BlackTitle "IM"]
[WhiteElo "2080"]
[BlackElo "2153"]
[WhiteFideId "2106698"]
[BlackFideId "7904860"]
[EventDate "2025.08.26"]

1. d4 Nf6 2. Nc3 d5 3. Bf4 a6 4. e3 Bf5 5. f3 e6 6. g4 Bg6 7. h4 h5 8. g5 Nfd7
9. Bd3 Bxd3 10. Qxd3 g6 11. e4 c6 12. O-O-O Be7 13. Nge2 Nb6 14. b3 N8d7 15.
Rhe1 Ba3+ 16. Kb1 Qe7 17. exd5 cxd5 18. Nc1 O-O 19. N1e2 Rfc8 20. Bc1 Rc6 21.
Nf4 Bxc1 22. Rxc1 Qf8 23. Nce2 Qg7 24. Ng3 Rac8 25. Re2 Rc3 26. Qd2 a5 27. Re3
Rxe3 28. Qxe3 a4 29. Kb2 Rc6 30. a3 Qf8 31. Ngxh5 gxh5 32. Nxh5 axb3 33. cxb3
Rxc1 34. Qxc1 f5 35. gxf6 Nxf6 36. Qg5+ Kf7 37. Qxf6+ Ke8 38. Qxe6+ Qe7 39. Nf6+
Kf8 40. Qg8# 1-0

[Event "Titled Tue 26th Aug Late"]
[Site "chess.com INT"]
[Date "2025.08.26"]
[Round "5"]
[White "Hofstadler, Mario"]
[Black "Winter Atwell, Adrian"]
[Result "0-1"]
[WhiteTitle "CM"]
[BlackTitle "FM"]
[WhiteElo "2145"]
[BlackElo "2090"]
[WhiteFideId "1660497"]
[BlackFideId "7700750"]
[EventDate "2025.08.26"]

1. e4 e5 2. g3 Nc6 3. Bg2 Bc5 4. c3 d6 5. Ne2 Bg4 6. h3 Bh5 7. O-O Nge7 8. b4
Bxe2 9. Qxe2 Bb6 10. Na3 a6 11. Nc4 Ba7 12. d3 O-O 13. Be3 d5 14. exd5 Nxd5 15.
Bxa7 Rxa7 16. Bxd5 Qxd5 17. Qe4 Qd7 18. Nxe5 Nxe5 19. Qxe5 Re8 20. Qd4 Qxd4 21.
cxd4 Rd8 22. Rfe1 Kf8 23. Re4 a5 24. b5 a4 25. Rc1 Ra5 26. Rxc7 Rxb5 27. g4 Re8
28. Rc4 Ra8 29. Rc7 Re8 30. Kg2 Rb2 31. Kf3 Rxa2 32. Rxb7 a3 33. Ra7 Ra1 34. Ke3
g6 35. Kf3 a2 36. d5 Rd1 0-1

[Event "Titled Tue 26th Aug Late"]
[Site "chess.com INT"]
[Date "2025.08.26"]
[Round "5"]
[White "Sailer, Mike"]
[Black "Paval, George"]
[Result "0-1"]
[WhiteElo "2108"]
[BlackElo "2139"]
[WhiteFideId "2012901"]
[BlackFideId "1214233"]
[EventDate "2025.08.26"]

1. c4 Nf6 2. Nc3 c5 3. g3 g6 4. Bg2 Bg7 5. Nf3 O-O 6. O-O d6 7. a3 Nc6 8. Rb1 a5
9. d3 Bd7 10. Bg5 h6 11. Bd2 Kh7 12. Nh4 Rb8 13. f4 Nd4 14. e3 Nf5 15. Nf3 e6
16. e4 Nd4 17. Nxd4 cxd4 18. Ne2 Ne8 19. a4 b6 20. b4 Bc6 21. b5 Bb7 22. h4 f5
23. exf5 exf5 24. Bxb7 Rxb7 25. Kh2 Nf6 26. Ng1 Ng4+ 27. Kg2 Re7 28. Re1 Rxe1
29. Qxe1 Re8 30. Qf1 d5 31. Re1 dxc4 32. dxc4 Re4 33. Nf3 Qc8 34. Qd3 Qb7 35.
Kg1 Qe7 36. h5 gxh5 37. Qf1 Ne3 38. Bxe3 dxe3 39. Nh4 Qe6 40. Qf3 e2 41. Ng2
Bd4+ 42. Kh2 Qxc4 43. Qxh5 Qe6 44. Nh4 Bc3 45. Nxf5 Qg6 46. Qxg6+ Kxg6 47. Rxe2
Rxe2+ 0-1

[Event "Titled Tue 26th Aug Late"]
[Site "chess.com INT"]
[Date "2025.08.26"]
[Round "5"]
[White "Taylor, Tristan"]
[Black "Sroczynski, Maciej"]
[Result "1-0"]
[BlackTitle "FM"]
[WhiteElo "1973"]
[BlackElo "2236"]
[WhiteFideId "2635054"]
[BlackFideId "1121472"]
[EventDate "2025.08.26"]

1. e4 c5 2. Nf3 Nc6 3. Bb5 g6 4. O-O Bg7 5. c3 Nf6 6. Re1 O-O 7. d4 cxd4 8. cxd4
d5 9. e5 Ne4 10. Bxc6 bxc6 11. Be3 Rb8 12. Qc1 Qb6 13. b3 a5 14. Nbd2 Nxd2 15.
Nxd2 Bf5 16. Qc3 Rfc8 17. Rac1 Qb4 18. Qc5 Bf8 19. a3 Qb6 20. Qc3 e6 21. Ra1 c5
22. dxc5 Bxc5 23. Bxc5 Rxc5 24. Qe3 Rc2 25. Nf3 Qxe3 26. Rxe3 Rb2 27. Nd4 Rd2
28. Nxf5 gxf5 29. Rc1 f4 30. Rec3 Kg7 31. Kf1 Rb2 32. Rc5 R8xb3 33. Rxa5 Ra2 34.
Ra4 Rbb2 35. Rxf4 Rxa3 36. g3 h5 37. Kg2 Kg6 38. Rc7 Re2 39. Rcxf7 Rxe5 40.
R4f6+ Kg5 41. h4+ Kg4 42. Rg6+ Rg5 43. Rxg5# 1-0

[Event "Titled Tue 26th Aug Late"]
[Site "chess.com INT"]
[Date "2025.08.26"]
[Round "5"]
[White "Ferriz Barrios, Andres"]
[Black "Graif, William"]
[Result "1-0"]
[WhiteTitle "FM"]
[BlackTitle "FM"]
[WhiteElo "2102"]
[BlackElo "2227"]
[WhiteFideId "5104467"]
[BlackFideId "2609835"]
[EventDate "2025.08.26"]

1. d4 Nf6 2. c4 a6 3. a4 e6 4. Nc3 Bb4 5. Bg5 h6 6. Bd2 O-O 7. e3 b6 8. Nf3 Bb7
9. Bd3 d5 10. cxd5 exd5 11. O-O Nbd7 12. Ne5 Bd6 13. f4 Ne4 14. Nxe4 dxe4 15.
Bc4 Nf6 16. Be1 Bd5 17. Be2 Nh7 18. a5 b5 19. Qc2 Qe8 20. Rc1 f6 21. Nc6 Qxc6
22. Qxc6 Bxc6 23. Rxc6 Rfe8 24. Bh5 Re7 25. Bg3 Nf8 26. f5 Bxg3 27. hxg3 Rd7 28.
Rfc1 Ra7 29. Be2 Nh7 30. Bd1 Ng5 31. Bb3+ Nf7 32. Be6 Re7 33. R1c5 Kf8 34. Rd5
Ke8 35. Rdc5 Nd8 36. Bd5 Nxc6 37. Bxc6+ Kd8 38. Rd5+ Kc8 39. b4 h5 40. Kh2 Rf7
41. Kh3 Rf8 42. Rd7 Rg8 43. Rf7 Kd8 44. Kh4 Rh8 45. d5 Kc8 46. Rxg7 Kd8 47. d6 1-0